01132 a2200205 45000010006000000050017000060080041000230030015000640400040000790800022001192450016001412500012001572640080001693000019002495050583002680410008008511000027008597000022008867000018009082899220260407155559.0260407a1945 arg spa dAR-UNSa-BCEJYS aAR-UNSa-BCEJYSbspacAR-UNSa-BCEJYS a657xContabilidad10aAuditoría a2a. ed. 1aMéxico :bUnión Tipográfica Editorial Hispano-Americana (UTEHA)c1945 a410 p.c25 cm. a1. Preparación de la auditoría - 2. Procedimiento de la auditoría - 3. Efectivo en caja y fondos en caja - 4. Cuentas por cobrar - 5. Inventarios - 6. Inversiones y cargos diferidos - 7. Activo fijo - 8. Valuación del activo fijo; Activo sujeto a agotamiento; Activo intangible - 9. Pasivo circulante - 10. Deuda consolidada-reservas-obligaciones contingentes - 11. Patrimonio; Pérdidas y ganancias - 12. Terminación de la auditoría - 13. Certificados - 14. Características especiales de varias industrias - 15. Auditorías detalladas y auditorías internas  aspa1 aCoulter Davies, Ernest1 aElliot, Lester M.1 aCivera, Marin